000 00277nam a22001217a 4500
008 181218b xxu||||| |||| 00| 0 eng d
041 _aeng
080 _a618
100 _a10
101 _aGJIN
245 _aHandbook of Obstetrics & Gynecology
_cBenson, R.C
942 _2udc
_cBK
999 _c53406
_d53406